[Event "FRA-chT U20 GpB 1213"]
[Site "France"]
[Date "2013.01.04"]
[Round "4"]
[White "Planche, Pierre Francois"]
[Black "Costerousse, Quentin"]
[Result "0-1"]
[WhiteElo "1606"]
[BlackElo "1503"]
[PlyCount "112"]
[EventDate "2012.12.01"]
[EventType "team"]
[EventRounds "7"]
[EventCountry "FRA"]
[SourceTitle "EXT 2014"]
[Source "ChessBase"]
[SourceDate "2013.11.20"]
[SourceVersion "1"]
[SourceVersionDate "2013.11.20"]
[SourceQuality "1"]
[WhiteTeam "Lutece (U20)"]
[BlackTeam "Agneaux Saint Lo (U20)"]
[WhiteTeamCountry "FRA"]
[BlackTeamCountry "FRA"]

1. e4 c5 2. Nf3 Nc6 3. d4 cxd4 4. Nxd4 g6 5. c4 Bg7 6. Be3 Nf6 7. Nc3 0-0 8. Be2 d6 9. 0-0 Bd7 10. Qd2 Rb8 11. Rac1 a6 12. Rfd1 b5 13. cxb5 Nxd4 14. Bxd4 axb5 15. a3 b4 16. axb4 Rxb4 17. Na2 Ra4 18. Nc3 Nxe4 19. Nxe4 Rxd4 20. Qc2 Rxd1+ 21. Rxd1 Bf5 22. Bd3 Qb6 23. Nc3 Be6 24. Rd2 Bb3 25. Qc1 Bh6 26. Bc2 Bxd2 27. Qxd2 Bxc2 28. Qxc2 Rb8 29. Na4 Qa5 30. g3 Qd8 31. Qe4 Qd7 32. Qd4 Qb7 33. h3 Rc8 34. Qe3 Qc6 35. Nc3 Ra8 36. f3 Qc5 37. Kf2 Qxe3+ 38. Kxe3 Rb8 39. Nd1 Rb3+ 40. Ke2 Kg7 41. h4 h5 42. Kf2 f5 43. Ke2 Kf6 44. Kf2 Ke5 45. Kg2 Kd4 46. Kf2 e5 47. Ke2 e4 48. fxe4 fxe4 49. Kf2 Kd3 50. g4 hxg4 51. Ke1 g3 52. h5 gxh5 53. Kf1 Kd2 54. Nc3 Rxc3 55. bxc3 e3 56. Kg2 e2 0-1